000 00615nam a22002297a 4500
003 UA-OsUOA
001 74577
007 ta
008 20110412b un ||||| |||| 00| 0 ukr d
100 _aСварник І.
090 _a821.161.2
_bС24
942 _cBK
040 _aUA-OsUOA
_bukr
_cUA-OsUOA
_dUA-OsUOA
245 _aЗаяча наука
_bбасні та юморески
300 _a110 с.
955 _a3
041 _aukr
080 _a821.161.2
260 _aЛьвів
_bКаменяр
_c1977
650 7 _a82 Література. Літературознавство
_2UDC
999 _c360868
_d360868